000 00305nam a22001337a 4500
020 _qHB.
040 _cFIZZA ISHAQ
082 _a006.31
_bDAS
100 _aDAS.
_991510
245 _aAPPLIED INTELLIGENT DECISION MAKING /
_cDAS.
260 _aCRC PRESS ;
_c2021.
300 _a252 P. ;
942 _2ddc
_cBK
999 _c589627
_d589627